000 00679cam a22002413a 4500
001 27734
003 PGUSA
005 20140828083611.0
008 090107s2009||||xxu|||||s|||||000 1 eng d
040 _aPGUSA
_beng
042 _adc
050 4 _aPL
100 1 _aYuanhuyanshuisanren,
_d17th/18th cent.
245 1 0 _a合浦珠
_h[electronic resource] /
_cYuanhuyanshuisanren
260 _bProject Gutenberg,
_c2009
506 _aPublic domain in the USA.
516 _aElectronic text
653 _aChinese fiction -- Qing dynasty, 1644-1912
740 0 _aHepu Zhu
830 0 _aProject Gutenberg
_v27734
856 4 0 _uhttp://www.gutenberg.org/ebooks/27734
942 _cEB
999 _c256989
_d256989